|
|
|
|
| LEADER |
00000ntm a22000004a 4500 |
| 001 |
55254 |
| 003 |
CZ-ZlUTB |
| 005 |
20240830155112.0 |
| 007 |
ta |
| 008 |
100305s2009 xr f m 000 0 cze d |
| 040 |
|
|
|a ZLD002
|b cze
|
| 041 |
0 |
|
|a cze
|b eng
|
| 072 |
|
7 |
|a 331
|x Práce
|2 Konspekt
|9 4
|
| 080 |
|
|
|a 331.103
|2 MRF
|
| 080 |
|
|
|a 658.5-025.21
|2 MRF
|
| 080 |
|
|
|a 005.332.1
|2 MRF
|
| 080 |
|
|
|a (043.3)378.245
|2 MRF
|
| 100 |
1 |
|
|a Sejkorová, Božena,
|d 1960-
|7 jo2011661071
|4 dis
|
| 245 |
1 |
0 |
|a Organizace práce, moderní výrobní systémy a zvyšování výkonnosti operátorů
|h [rukopis] :
|b disertační práce = Work organisation, modern production systems and increasing the efficiency of operators /
|c Božena Sejkorová ; školitel Aleš Gregar
|
| 246 |
3 |
1 |
|a Work organisation, modern production systems and increasing the efficiency of operators
|
| 260 |
|
|
|c 2009
|
| 300 |
|
|
|a 136 s. :
|b il. ;
|c 25 cm
|
| 500 |
|
|
|a Studijní obor: 6208V038 Management a ekonomika
|
| 502 |
|
|
|a Disertace (PhD.)--Univerzita Tomáše Bati ve Zlíně, Fakulta managementu a ekonomiky, 2009
|
| 504 |
|
|
|a Obsahuje bibliografii
|
| 546 |
|
|
|a Anglické resumé
|
| 650 |
0 |
7 |
|a organizace práce
|7 ph123800
|2 czenas
|
| 650 |
0 |
7 |
|a výrobní systémy
|7 ph127454
|2 czenas
|
| 650 |
0 |
7 |
|a řízení výkonnosti
|7 ph433004
|2 czenas
|
| 650 |
0 |
9 |
|a work design
|2 eczenas
|
| 650 |
0 |
9 |
|a manufacturing systems
|2 eczenas
|
| 650 |
0 |
9 |
|a corporate performance management
|2 eczenas
|
| 655 |
|
7 |
|a doktorské disertace
|7 fd186751
|2 czenas
|
| 655 |
|
9 |
|a higher doctoral dissertations
|2 eczenas
|
| 700 |
1 |
|
|a Gregar, Aleš,
|d 1945-
|7 mzk2002102593
|4 ths
|
| 710 |
2 |
|
|a Univerzita Tomáše Bati ve Zlíně.
|b Fakulta managementu a ekonomiky
|7 kn20010709196
|4 dgg
|
| 856 |
4 |
1 |
|u http://hdl.handle.net/10563/9549
|y Odkaz do systému DSpace
|z Zakázaná práce
|
| 910 |
|
|
|a ZLD002
|
| 952 |
|
|
|0 0
|1 0
|4 0
|6 KSEJKOROVÁB
|7 0
|8 MANUS
|9 101073
|a UTBZL
|b UTBZL
|c 001
|d 2010-03-05
|l 0
|o K/SEJKOROVÁ,B.
|p 420010130465
|r 2019-08-26 00:00:00
|w 2019-08-26
|x N: povinný výtisk
|y 10
|
| 992 |
|
|
|a BK
|c vs
|
| 999 |
|
|
|c 55254
|d 55254
|
| 993 |
|
|
|x NEPOSILAT
|y VSKP
|